[Event "Reykjavik op"]
[Site "Reykjavik"]
[Date "2023.04.01"]
[Round "6"]
[White "Bruchmann, Stephan"]
[Black "Pedersen, Sondre Andre"]
[Result "1/2-1/2"]
[WhiteElo "2185"]
[BlackElo "1674"]
[PlyCount "37"]
[EventDate "2023.03.29"]
[EventType "swiss"]
[EventRounds "9"]
[EventCountry "ISL"]
[SourceTitle "CBM 213 Extra"]
[Source "ChessBase"]
[SourceDate "2023.05.31"]
[SourceVersion "1"]
[SourceVersionDate "2023.05.31"]
[SourceQuality "1"]

1. e4 c5 2. Nf3 e6 3. b3 Nc6 4. Bb2 a6 5. g3 d6 6. Bg2 Nf6 7. Qe2 e5 8. 0-0 Be7 9. c3 Bg4 10. h3 Bd7 11. d4 cxd4 12. cxd4 Nxd4 13. Nxd4 exd4 14. Bxd4 Bb5 15. Qe3 Bxf1 16. Kxf1 0-0 17. Nc3 Re8 18. Rd1 Bf8 19. Bb6 1/2-1/2

[Event "BL2-Nord 2122"]
[Site "Germany"]
[Date "2022.05.15"]
[Round "6.8"]
[White "Zaja, Ivan"]
[Black "Bruchmann, Stephan"]
[Result "1/2-1/2"]
[WhiteElo "2449"]
[BlackElo "2209"]
[PlyCount "37"]
[EventDate "2022.03.05"]
[EventType "team-tourn"]
[EventRounds "10"]
[EventCountry "GER"]
[SourceTitle "EXT 2023"]
[Source "ChessBase"]
[SourceDate "2022.10.05"]
[SourceVersion "1"]
[SourceVersionDate "2022.10.05"]
[SourceQuality "1"]
[WhiteTeam "Kirchweyhe"]
[BlackTeam "Berlin Rotation"]
[WhiteTeamCountry "GER"]
[BlackTeamCountry "GER"]

1. d4 d5 2. c4 c6 3. Nf3 Nf6 4. Nc3 dxc4 5. a4 c5 6. d5 Bf5 7. e4 Nxe4 8. Nxe4 Bxe4 9. Bxc4 e6 10. dxe6 Qxd1+ 11. Kxd1 Bxf3+ 12. gxf3 fxe6 13. Re1 Nc6 14. Rxe6+ Be7 15. Be3 0-0-0+ 16. Ke2 Bf6 17. Bxc5 Nd4+ 18. Bxd4 Rxd4 19. Re4 1/2-1/2

[Event "BL2-Nord 2122"]
[Site "Germany"]
[Date "2022.05.01"]
[Round "4.8"]
[White "Bruchmann, Stephan"]
[Black "Hagenstein, Frank"]
[Result "1/2-1/2"]
[WhiteElo "2209"]
[BlackElo "2234"]
[PlyCount "38"]
[EventDate "2022.03.05"]
[EventType "team-tourn"]
[EventRounds "10"]
[EventCountry "GER"]
[SourceTitle "EXT 2023"]
[Source "ChessBase"]
[SourceDate "2022.10.05"]
[SourceVersion "1"]
[SourceVersionDate "2022.10.05"]
[SourceQuality "1"]
[WhiteTeam "Berlin Rotation"]
[BlackTeam "Norderstedt"]
[WhiteTeamCountry "GER"]
[BlackTeamCountry "GER"]

1. e4 e5 2. Nf3 Nf6 3. Nxe5 d6 4. Nf3 Nxe4 5. Nc3 Nxc3 6. dxc3 Be7 7. Be3 0-0 8. Be2 Nd7 9. h3 Re8 10. Qd2 Nf6 11. Bd3 d5 12. 0-0 c5 13. c4 a6 14. cxd5 Qxd5 15. c4 Qc6 16. Ne5 Qc7 17. Nf3 Qc6 18. Ne5 Qc7 19. Nf3 Qc6 1/2-1/2

[Event "Vienna op"]
[Site "Vienna"]
[Date "2019.08.18"]
[Round "2"]
[White "Bruchmann, Stephan"]
[Black "Cvitan, Ognjen"]
[Result "0-1"]
[WhiteElo "2251"]
[BlackElo "2493"]
[PlyCount "94"]
[EventDate "2019.08.17"]
[EventType "swiss"]
[EventRounds "9"]
[EventCountry "AUT"]
[SourceTitle "EXT 2020"]
[Source "ChessBase"]
[SourceDate "2019.10.17"]
[SourceVersion "1"]
[SourceVersionDate "2019.10.17"]
[SourceQuality "1"]

1. e4 c5 2. Nf3 d6 3. Bb5+ Bd7 4. Bxd7+ Qxd7 5. 0-0 Nf6 6. e5 dxe5 7. Nxe5 Qc8 8. Qf3 e6 9. b3 Be7 10. Bb2 0-0 11. Na3 Nfd7 12. Nac4 Nxe5 13. Nxe5 f6 14. Ng4 Nc6 15. Rfe1 e5 16. Ne3 Rf7 17. Rad1 Qd7 18. d3 Rd8 19. c3 Bf8 20. Nc2 Qd5 21. Qe2 Rfd7 22. Rd2 g6 23. Red1 Bh6 24. Ne3 Qe6 25. Qg4 Qxg4 26. Nxg4 Bg5 27. Ne3 e4 28. d4 cxd4 29. cxd4 Nb4 30. d5 Bxe3 31. fxe3 Rxd5 32. Rxd5 Rxd5 33. Rxd5 Nxd5 34. Bd4 a6 35. a3 Kf7 36. Kf2 h5 37. Ke2 Ke6 38. Kf2 f5 39. Ke2 g5 40. g3 f4 41. gxf4 gxf4 42. exf4 Kf5 43. Be3 Nxe3 44. Kxe3 h4 45. b4 h3 46. a4 b6 47. b5 a5 0-1

[Event "Oberliga Nord O 1718"]
[Site "Germany"]
[Date "2018.04.15"]
[Round "9.6"]
[White "Bruchmann, Stephan"]
[Black "Lehmann, Alexander"]
[Result "1-0"]
[WhiteElo "2230"]
[BlackElo "1996"]
[PlyCount "61"]
[EventDate "2017.10.08"]
[EventType "team-tourn"]
[EventRounds "9"]
[EventCountry "GER"]
[SourceTitle "EXT 2019"]
[Source "ChessBase"]
[SourceDate "2018.10.10"]
[SourceVersion "1"]
[SourceVersionDate "2018.10.10"]
[SourceQuality "1"]
[WhiteTeam "Berlin Rotation"]
[BlackTeam "Cottbus Lokomotive"]
[WhiteTeamCountry "GER"]
[BlackTeamCountry "GER"]

1. e4 e6 2. d4 d5 3. Nc3 Nf6 4. e5 Nfd7 5. f4 c5 6. Nf3 Nc6 7. Be3 Be7 8. Qd2 0-0 9. Nd1 b6 10. c3 f6 11. Bb5 Qc7 12. 0-0 a6 13. Bd3 a5 14. Rc1 Ba6 15. Bxa6 Rxa6 16. f5 fxe5 17. fxe6 Nf6 18. dxe5 Nxe5 19. Bf4 Nxf3+ 20. Rxf3 Qc6 21. Qe2 Ra7 22. Nf2 Bd6 23. Bg5 Be7 24. Re1 Re8 25. Bxf6 Bxf6 26. Ng4 Bh4 27. g3 Bd8 28. Qe5 Rae7 29. Qf5 h6 30. Qg6 Rxe6 31. Rxe6 1-0

[Event "Oberliga Nord O 1718"]
[Site "Germany"]
[Date "2018.01.21"]
[Round "5.6"]
[White "Jauk, Wilhelm"]
[Black "Bruchmann, Stephan"]
[Result "1/2-1/2"]
[WhiteElo "2119"]
[BlackElo "2230"]
[PlyCount "27"]
[EventDate "2017.10.08"]
[EventType "team-tourn"]
[EventRounds "9"]
[EventCountry "GER"]
[SourceTitle "EXT 2019"]
[Source "ChessBase"]
[SourceDate "2018.10.10"]
[SourceVersion "1"]
[SourceVersionDate "2018.10.10"]
[SourceQuality "1"]
[WhiteTeam "Berlin Oberschoeneweide"]
[BlackTeam "Berlin Rotation"]
[WhiteTeamCountry "GER"]
[BlackTeamCountry "GER"]

1. d4 d5 2. Bg5 h6 3. Bh4 c6 4. e3 Qb6 5. b3 e5 6. Nf3 e4 7. Nfd2 Be7 8. Bg3 Bg5 9. Be5 Bf6 10. Bxf6 Nxf6 11. c4 0-0 12. Nc3 Re8 13. Be2 Qd8 14. 0-0 1/2-1/2

[Event "GER-chT Betriebe 17th"]
[Site "Berlin"]
[Date "2017.11.04"]
[Round "5.2"]
[White "Spiegel, Stefan"]
[Black "Bruchmann, Stephan"]
[Result "1-0"]
[WhiteElo "2144"]
[BlackElo "2219"]
[PlyCount "76"]
[EventDate "2017.11.02"]
[EventType "team-swiss"]
[EventRounds "7"]
[EventCountry "GER"]
[SourceTitle "EXT 2020"]
[Source "ChessBase"]
[SourceDate "2019.10.17"]
[SourceVersion "1"]
[SourceVersionDate "2019.10.17"]
[SourceQuality "1"]
[WhiteTeam "Weinheim"]
[BlackTeam "Berlin Tempelhof"]
[WhiteTeamCountry "GER"]
[BlackTeamCountry "GER"]

1. e4 c6 2. d4 d5 3. Nd2 g6 4. Ngf3 Bg7 5. c3 Nh6 6. Bd3 0-0 7. 0-0 a5 8. a4 Na6 9. Re1 Nc7 10. h3 f6 11. Nf1 Nf7 12. Qb3 e5 13. dxe5 Nxe5 14. Be2 Kh8 15. exd5 Nxd5 16. Nxe5 fxe5 17. Ng3 Qh4 18. Qd1 Be6 19. Bg4 Rae8 20. Ne4 Qd8 21. Bg5 Qb6 22. Qe2 Bxg4 23. hxg4 Nf4 24. Qc2 h6 25. Bxf4 Rxf4 26. g5 Ref8 27. g3 Rf3 28. Kg2 h5 29. Rad1 Qc7 30. Re2 Qf7 31. Rd6 Qf5 32. Rd1 Qg4 33. Rde1 R3f5 34. Re3 Rxg5 35. Nxg5 Qxg5 36. Qe4 Rf5 37. Rd1 Rf4 38. Qd3 Qg4 1-0

[Event "BL2-Nord 1617"]
[Site "Germany"]
[Date "2017.05.07"]
[Round "9.3"]
[White "Voege, Tobias"]
[Black "Bruchmann, Stephan"]
[Result "1/2-1/2"]
[WhiteElo "2225"]
[BlackElo "2218"]
[PlyCount "127"]
[EventDate "2016.10.16"]
[EventType "team-tourn"]
[EventRounds "9"]
[EventCountry "GER"]
[SourceTitle "EXT 2018"]
[Source "ChessBase"]
[SourceDate "2017.10.13"]
[SourceVersion "1"]
[SourceVersionDate "2017.10.13"]
[SourceQuality "1"]
[WhiteTeam "Lister Turm"]
[BlackTeam "Pankow Rotation"]
[WhiteTeamCountry "GER"]
[BlackTeamCountry "GER"]

1. c4 c6 2. d4 d5 3. cxd5 cxd5 4. Nc3 Nc6 5. e4 e6 6. e5 Bb4 7. Bd3 Nge7 8. Qg4 Ng6 9. Nf3 Bd7 10. 0-0 Nce7 11. Bg5 Bxc3 12. bxc3 Qa5 13. Bxe7 Kxe7 14. Qg5+ Kf8 15. Rfc1 Bc6 16. Nd2 Qd8 17. Qe3 Ne7 18. Rab1 h6 19. Qf4 Kg8 20. Nf1 Ng6 21. Qg3 Ne7 22. Ne3 h5 23. f4 g6 24. f5 exf5 25. Nxf5 Nxf5 26. Bxf5 h4 27. Qg4 Rh5 28. Bd3 Qg5 29. Qxg5 Rxg5 30. Rf1 Rc8 31. Rf4 h3 32. g3 b6 33. Kf2 Bd7 34. Rc1 Rh5 35. g4 Rh6 36. Kg3 Kg7 37. Bf1 g5 38. Rf2 Rh4 39. Be2 Rh6 40. Bd3 Be6 41. Rf3 Rh4 42. Bf5 Rc7 43. Rf2 Rh8 44. Rf3 Rh4 45. Re1 Rh6 46. Ree3 Rc4 47. Re2 Rh8 48. Rb2 Rhc8 49. Rb3 Ra4 50. a3 Rh8 51. Kf2 Rh4 52. Bxe6 fxe6 53. Rg3 Rh8 54. Ke2 Rh4 55. Kd3 Rh8 56. Ke2 Rh4 57. Rg1 Rc4 58. Rg3 Ra4 59. Kd2 Rh8 60. Kd3 Rh4 61. Ke2 Rh8 62. Ke3 Rh4 63. Rg1 Rc4 64. Rg3 1/2-1/2

[Event "Pontevedra Toxa op"]
[Site "Pontevedra"]
[Date "2016.10.01"]
[Round "8"]
[White "Bruchmann, Stephan"]
[Black "Lorenzo Duran, Marcos"]
[Result "1-0"]
[WhiteElo "2294"]
[BlackElo "2134"]
[PlyCount "49"]
[EventDate "2016.09.24"]
[EventType "swiss"]
[EventRounds "9"]
[EventCountry "ESP"]
[SourceTitle "CBM 174 Extra"]
[Source "ChessBase"]
[SourceDate "2016.10.10"]
[SourceVersion "1"]
[SourceVersionDate "2016.10.10"]
[SourceQuality "1"]

1. e4 e5 2. Nf3 Nc6 3. Bc4 Nf6 4. 0-0 Nxe4 5. Qe2 d5 6. Bb5 Bd6 7. c4 Be6 8. b4 0-0 9. Bxc6 bxc6 10. c5 Be7 11. d3 Nf6 12. Nxe5 Qe8 13. d4 a5 14. bxa5 Rxa5 15. Nc3 Ne4 16. Bd2 Nxc3 17. Bxc3 Ra3 18. Qb2 Qa8 19. Nxc6 Bf6 20. Nb4 Rb8 21. Qd2 Qa4 22. Rab1 Rb5 23. Bb2 Bf5 24. Rbe1 Rxb4 25. Qxb4 1-0

[Event "Pontevedra Toxa op"]
[Site "Pontevedra"]
[Date "2016.09.26"]
[Round "3"]
[White "Sardina Paramo, Juan Antonio"]
[Black "Bruchmann, Stephan"]
[Result "0-1"]
[WhiteElo "1875"]
[BlackElo "2294"]
[PlyCount "48"]
[EventDate "2016.09.24"]
[EventType "swiss"]
[EventRounds "9"]
[EventCountry "ESP"]
[SourceTitle "CBM 174 Extra"]
[Source "ChessBase"]
[SourceDate "2016.10.10"]
[SourceVersion "1"]
[SourceVersionDate "2016.10.10"]
[SourceQuality "1"]

1. e4 c6 2. d4 d5 3. Nd2 g6 4. Ngf3 Bg7 5. c3 Nh6 6. Bd3 0-0 7. 0-0 f6 8. Re1 Nf7 9. Nf1 e6 10. Ng3 Nd7 11. h4 Re8 12. h5 Nf8 13. e5 fxe5 14. dxe5 Qc7 15. Bf4 Nh6 16. Ng5 Qe7 17. Qd2 Nf5 18. Nxf5 exf5 19. h6 Bxh6 20. Nxh7 Bxf4 21. Nf6+ Qxf6 22. exf6 Bxd2 23. Rxe8 Kf7 24. Rd8 Bg5 0-1

[Event "Hasselbacken op"]
[Site "Stockholm"]
[Date "2016.05.07"]
[Round "8"]
[White "Ozen, Deniz"]
[Black "Bruchmann, Stephan"]
[Result "1/2-1/2"]
[WhiteElo "2139"]
[BlackElo "2318"]
[PlyCount "77"]
[EventDate "2016.04.30"]
[EventType "swiss"]
[EventRounds "9"]
[EventCountry "SWE"]
[SourceTitle "CBM 172 Extra"]
[Source "ChessBase"]
[SourceDate "2016.06.21"]
[SourceVersion "1"]
[SourceVersionDate "2016.06.21"]
[SourceQuality "1"]

1. e4 d5 2. exd5 Qxd5 3. Nc3 Qd8 4. Nf3 c6 5. d4 Nf6 6. Bc4 Bf5 7. 0-0 e6 8. Re1 Be7 9. h3 0-0 10. Nh4 Bg6 11. Nxg6 hxg6 12. Ne4 Nxe4 13. Rxe4 Nd7 14. Re1 Nb6 15. Be2 Qc7 16. c3 c5 17. dxc5 Bxc5 18. Bf3 Rfd8 19. Qe2 Be7 20. Be3 Nd5 21. Bxd5 Rxd5 22. Rad1 Rad8 23. Rxd5 Rxd5 24. Rd1 Rxd1+ 25. Qxd1 a6 26. Qd3 Bf6 27. a3 Qc6 28. Bf4 Qd5 29. Qxd5 exd5 30. Be3 Kf8 31. Kf1 Ke7 32. Ke2 Be5 33. Kd3 f6 34. Bc5+ Ke6 35. a4 g5 36. b3 b5 37. axb5 axb5 38. c4 bxc4+ 39. bxc4 1/2-1/2

[Event "Hasselbacken op"]
[Site "Stockholm"]
[Date "2016.05.06"]
[Round "7"]
[White "Bruchmann, Stephan"]
[Black "Ask, Josef"]
[Result "1/2-1/2"]
[WhiteElo "2318"]
[BlackElo "2118"]
[PlyCount "60"]
[EventDate "2016.04.30"]
[EventType "swiss"]
[EventRounds "9"]
[EventCountry "SWE"]
[SourceTitle "CBM 172 Extra"]
[Source "ChessBase"]
[SourceDate "2016.06.21"]
[SourceVersion "1"]
[SourceVersionDate "2016.06.21"]
[SourceQuality "1"]

1. e4 e5 2. Nf3 Nc6 3. Bc4 Nf6 4. 0-0 Nxe4 5. Qe2 Nd6 6. Nxe5 Be7 7. Bb3 0-0 8. Nxc6 dxc6 9. d4 Nf5 10. c3 Bd6 11. Nd2 Qh4 12. Nf3 Qh5 13. Qe4 Bd7 14. Ne5 Rae8 15. Bf4 Nh4 16. Bg3 Nf5 17. Bf4 Nh4 18. Qd3 Bf5 19. Qg3 Ng6 20. Nxg6 Qxg6 21. Rfe1 Qxg3 22. Bxg3 g5 23. f3 Kg7 24. Kf2 h5 25. h4 f6 26. Rad1 Kg6 27. a4 Kg7 28. Bc4 Kg6 29. Bb3 Kg7 30. Bc4 Kg6 1/2-1/2

[Event "Hasselbacken op"]
[Site "Stockholm"]
[Date "2016.05.01"]
[Round "2"]
[White "Yapar, Nedim"]
[Black "Bruchmann, Stephan"]
[Result "1/2-1/2"]
[WhiteElo "2068"]
[BlackElo "2318"]
[PlyCount "65"]
[EventDate "2016.04.30"]
[EventType "swiss"]
[EventRounds "9"]
[EventCountry "SWE"]
[SourceTitle "CBM 172 Extra"]
[Source "ChessBase"]
[SourceDate "2016.06.21"]
[SourceVersion "1"]
[SourceVersionDate "2016.06.21"]
[SourceQuality "1"]

1. e4 c6 2. d4 d5 3. e5 c5 4. dxc5 Nc6 5. Nf3 Bg4 6. c3 a6 7. Be3 Bxf3 8. Qxf3 Nxe5 9. Qg3 Nc6 10. Bd3 e5 11. 0-0 Nge7 12. f3 g6 13. Nd2 Bg7 14. Rad1 0-0 15. h4 Qd7 16. h5 Rad8 17. Bf2 f5 18. Nc4 Qe6 19. Nd6 gxh5 20. Qh3 Qg6 21. Nxb7 Rb8 22. Bxa6 Ra8 23. Bd3 Rxa2 24. b4 e4 25. Bb1 Rb2 26. Nd6 Ne5 27. Kh1 Kh8 28. b5 Rg8 29. Qg3 Qe6 30. Qh3 Qg6 31. Qg3 Qe6 32. Qh3 Qg6 33. Qg3 1/2-1/2

[Event "BL2-Nord 1516"]
[Site "Germany"]
[Date "2016.01.31"]
[Round "6.5"]
[White "Bruchmann, Stephan"]
[Black "Grigorian, Spartak"]
[Result "1/2-1/2"]
[WhiteElo "2304"]
[BlackElo "2345"]
[PlyCount "65"]
[EventDate "2015.09.19"]
[EventType "team-tourn"]
[EventRounds "9"]
[EventCountry "GER"]
[SourceTitle "EXT 2017"]
[Source "ChessBase"]
[SourceDate "2016.10.25"]
[SourceVersion "1"]
[SourceVersionDate "2016.10.25"]
[SourceQuality "1"]
[WhiteTeam "Pankow Rotation"]
[BlackTeam "Werder Bremen II"]
[WhiteTeamCountry "GER"]
[BlackTeamCountry "GER"]

1. e4 c5 2. Nf3 d6 3. Bb5+ Bd7 4. Bxd7+ Qxd7 5. 0-0 Nf6 6. Re1 Nc6 7. c3 e6 8. d4 cxd4 9. cxd4 d5 10. e5 Ng8 11. a3 Nge7 12. Nc3 Nf5 13. g4 Nfe7 14. Bf4 h5 15. h3 hxg4 16. hxg4 Na5 17. Rc1 Nc4 18. Qe2 Nc6 19. b3 Nxa3 20. Ra1 Rb8 21. Kg2 b5 22. Rh1 Rxh1 23. Rxh1 Ne7 24. Nh4 Rc8 25. Rc1 Rc7 26. Qd3 a6 27. Bd2 b4 28. Ne2 Rxc1 29. Nxc1 Qb5 30. Qh7 Nc6 31. Nf3 a5 32. Ng5 Ne7 33. Qh5 1/2-1/2

[Event "BL2-Nord 1516"]
[Site "Germany"]
[Date "2015.12.13"]
[Round "4.6"]
[White "Ackermann, Hans Werner"]
[Black "Bruchmann, Stephan"]
[Result "0-1"]
[WhiteElo "2333"]
[BlackElo "2304"]
[PlyCount "114"]
[EventDate "2015.09.19"]
[EventType "team-tourn"]
[EventRounds "9"]
[EventCountry "GER"]
[SourceTitle "EXT 2017"]
[Source "ChessBase"]
[SourceDate "2016.10.25"]
[SourceVersion "1"]
[SourceVersionDate "2016.10.25"]
[SourceQuality "1"]
[WhiteTeam "Rostock"]
[BlackTeam "Pankow Rotation"]
[WhiteTeamCountry "GER"]
[BlackTeamCountry "GER"]

1. Nf3 d5 2. b3 Nf6 3. Bb2 Bf5 4. g3 e6 5. Bg2 Nbd7 6. 0-0 h6 7. d3 Bc5 8. Nbd2 0-0 9. Qe1 Bh7 10. e4 c6 11. a3 a5 12. Qe2 Be7 13. Rfe1 Nc5 14. exd5 cxd5 15. Nd4 Qb6 16. Rab1 Ncd7 17. a4 Rac8 18. Rec1 Bc5 19. Nb5 e5 20. Bh3 Rce8 21. Re1 Bb4 22. Red1 Nb8 23. Nf1 Nc6 24. c3 Bc5 25. Qd2 d4 26. cxd4 exd4 27. Qf4 Nd5 28. Qf3 Ndb4 29. Bf5 g6 30. Be4 Ne5 31. Qg2 f5 32. Bxb7 g5 33. Bd5+ Kg7 34. Nd2 f4 35. Nc4 Nxc4 36. Bxc4 f3 37. Qh3 Bf5 38. g4 Bd7 39. Qg3 Bxb5 40. Bxb5 Bd6 41. Qh3 Re2 42. Re1 Nc2 43. Rec1 Qc5 44. Bd7 h5 45. Bf5 Qe5 46. Be4 hxg4 47. Qh7+ Kf6 48. Rxc2 Rxc2 49. Bc1 Ke6 50. Qh5 Qxh2+ 51. Qxh2 Bxh2+ 52. Kf1 Bf4 53. Bb2 Rfc8 54. Ba3 Ra2 55. Bb7 Rcc2 56. Re1+ Re2 57. Bc8+ Kf7 0-1

[Event "GER CupT final"]
[Site "Magdeburg"]
[Date "2015.05.10"]
[Round "2.1"]
[White "Naiditsch, Arkadij"]
[Black "Bruchmann, Stephan"]
[Result "1-0"]
[WhiteElo "2720"]
[BlackElo "2286"]
[PlyCount "62"]
[EventDate "2015.05.09"]
[EventType "team-k.o."]
[EventRounds "2"]
[EventCountry "GER"]
[SourceTitle "CBM 166 Extra"]
[Source "ChessBase"]
[SourceDate "2015.06.18"]
[SourceVersion "1"]
[SourceVersionDate "2015.06.18"]
[SourceQuality "1"]
[WhiteTeam "Baden-Baden"]
[BlackTeam "Pankow Rotation"]
[WhiteTeamCountry "GER"]
[BlackTeamCountry "GER"]

1. e4 c6 2. d4 d5 3. e5 c5 4. dxc5 Nc6 5. Nf3 Bg4 6. c3 e6 7. b4 Bxf3 8. Qxf3 Nxe5 9. Bb5+ Nc6 10. Nd2 Be7 11. Nb3 Bf6 12. h4 a6 13. Bxc6+ bxc6 14. Na5 Qc7 15. Kf1 Ne7 16. Bg5 Qe5 17. Bd2 h5 18. Re1 Qf5 19. Qxf5 Nxf5 20. Nxc6 Nxh4 21. a4 Ng6 22. Ke2 Kd7 23. b5 axb5 24. axb5 Ra3 25. Ra1 Rha8 26. Rxa3 Rxa3 27. Rb1 Ne5 28. Nd4 Nc4 29. c6+ Kd6 30. b6 Bxd4 31. cxd4 Ra8 1-0